000 00858nam a2200265 a 4500
008 960514s1987||||[C 0 slo c
020 _c9 Kčs.
_q(5 000 výtl.)
040 _aSNK
_bslo
_cSNK
_eAACR2
041 1 _aslo
044 _axo
_cSK
080 _a786.8.083.6.087.5
100 1 _aHochel
_4aut
245 1 0 _aMiniatúry
_hHudobnina
_bAkordeón
_cHochel, Várady ; Stanislav Hochel, E. Várady, Alena Wagnerová
250 _a1., vyd.
260 _aBratislava
_bOpus [vyd.]
_c1987
_ePartizánske
_fZápadoslovenské tlačiarne
300 _a34 s.
_c30 cm
500 _aHudobnina. Obsahuje 6 skladieb S. Hochela a 18 skladieb E. Váradyho.
500 _aOb. Alena Wagnerová.
700 1 _aVárady
_4aut
700 1 _aHochel, Stanislav
_4aut
700 1 _aVárady, E.
_4aut
700 1 _aWagnerová, Alena
_4oth
924 _aharmonika
958 _aH
999 _c15185
_d15185